Giáo trình vật liệu học trong cơ khí : Dùng cho đào tạo cử nhân các trường kỹ thuật

Trình bày các lý thuyết cơ sở về kim loại và hợp kim. Các loại kim loại thường dùng và một số vật liệu phi kim loại thường dùng trong công nghiệp chế tạo máy. Bản chất cách tiến hành các phương pháp xử lý nhiệt kim loạ...

Полное описание

Сохранить в:
Библиографические подробности
Главный автор: Hoàng, Tùng
Формат:
Язык:Undetermined
Опубликовано: Hà Nội Giáo dục 2011
Предметы:
Метки: Добавить метку
Нет меток, Требуется 1-ая метка записи!
Thư viện lưu trữ: Trung tâm Học liệu Trường Đại học Cần Thơ
LEADER 01063nam a2200217Ia 4500
001 CTU_176880
008 210402s9999 xx 000 0 und d
020 |c 20000 
082 |a 620.11 
082 |b T513 
100 |a Hoàng, Tùng 
245 0 |a Giáo trình vật liệu học trong cơ khí : 
245 0 |b Dùng cho đào tạo cử nhân các trường kỹ thuật 
245 0 |c Hoàng Tùng, Phạm Minh Phương, Nguyễn Ngọc Thành 
260 |a Hà Nội 
260 |b Giáo dục 
260 |c 2011 
520 |a Trình bày các lý thuyết cơ sở về kim loại và hợp kim. Các loại kim loại thường dùng và một số vật liệu phi kim loại thường dùng trong công nghiệp chế tạo máy. Bản chất cách tiến hành các phương pháp xử lý nhiệt kim loạ 
650 |a Engineering materials,Vật liệu kỹ thuật 
904 |i Trọng Hiếu 
980 |a Trung tâm Học liệu Trường Đại học Cần Thơ